The Soviet Union and the Middle East.

Bibliographic Details
Main Author: Laqueur, Walter, 1921-2018
Format: Book
Language:English
Published: New York : Praeger, [1959]
Series:Praeger publications in Russian history and world communism ; no. 81.
Subjects:

MARC

Tag First Indicator Second Indicator Subfields
LEADER 00000cam a2200000 4500
001 in00000061498
005 20190406063021.0
008 740308s1959 eng u
010 |a  59007304  
035 |a (OCoLC)00825423 
035 |9 AAF8426AM 
040 |c BUF  |d TXA  |d UtOrBLW 
049 |a TXAM  |c [314866] 
050 0 0 |a DS63.2.R9  |b L3 
092 |a 327.47  |b L317s 
100 1 |a Laqueur, Walter,  |d 1921-2018. 
245 1 4 |a The Soviet Union and the Middle East. 
264 1 |a New York :  |b Praeger,  |c [1959] 
300 |a x, 366 pages ;  |c 22 cm. 
336 |a text  |b txt  |2 rdacontent 
337 |a unmediated  |b n  |2 rdamedia 
338 |a volume  |b nc  |2 rdacarrier 
490 1 |a Praeger publications in Russian history and world communism ;  |v no. 81 
500 |a Books that matter. 
504 |a Includes bibliographical references. 
651 0 |a Soviet Union  |x Foreign relations  |z Middle East. 
651 0 |a Middle East  |x Politics and government. 
830 0 |a Praeger publications in Russian history and world communism ;  |v no. 81. 
999 |a MARS 
999 f f |s e5dc9647-6381-3037-9a02-58a9f74c328e  |i d843fdfa-adc2-3436-9dea-774096b53e3f  |t 0 
952 f f |p ric  |a Texas A&M University  |b Rellis Campus  |c Joint Library Facility  |d Remote Storage  |t 0  |e DS63.2.R9 L3  |h Library of Congress classification  |i unmediated -- volume  |m A14800675771 
998 f f |a DS63.2.R9 L3  |t 0  |l Remote Storage